000 00888cab a22001815a 4500
001 L144803
008 080811e20080809xxka f 000 0 eng d
035 _a(Sirsi) u144803
041 0 _aeng
100 1 _aThompson, Brian
245 0 0 _aIntegrated whole
260 _c2008
490 _aEstates Gazette
_v(0831) 9 August 2008, 82-84(3)
520 _aArticle looks at the work environment and discusses how it affects both the welfare of staff and business productivity. States that UK Plcs have lost £135 billion per annum due to insufficient productivity and absenteeism resulting from workplace factors. Argues that better guidance is needed on how improved productivity can be secured through sympathetic workplace design and that the property press should pay more attention to the topic.
651 4 _aUnited Kingdom
_y
690 _aMANAGEMENT-BUSINESS MANAGEMENT
942 _n0
999 _c80597
_d80597